[Event "Africa-ch (Women)"]
[Site "Hammamet"]
[Date "2019.07.13"]
[Round "5.9"]
[White "Yavo Tchetche, Marie"]
[Black "Chihi, Malak"]
[Result "0-1"]
[WhiteElo "1393"]
[BlackElo "1526"]
[PlyCount "136"]
[EventDate "2019.07.09"]
[EventType "swiss"]
[EventRounds "9"]
[EventCountry "TUN"]
[SourceTitle "CBM 191 Extra"]
[Source "ChessBase"]
[SourceDate "2019.09.30"]
[SourceVersion "1"]
[SourceVersionDate "2019.09.30"]
[SourceQuality "1"]

1. d4 d5 2. Bf4 Nf6 3. Nd2 e6 4. e3 c5 5. dxc5 Bxc5 6. Ngf3 Nc6 7. Bb5 0-0 8. 0-0 a6 9. Bxc6 bxc6 10. Be5 Bb7 11. a3 Bb6 12. b4 Qe7 13. c4 Nd7 14. Bg3 c5 15. Rb1 Rfc8 16. Qe2 cxb4 17. axb4 dxc4 18. Nxc4 Bc7 19. Qd3 Nb6 20. Bxc7 Qxc7 21. Nxb6 Qxb6 22. Nd4 Qd8 23. Rfd1 Qg5 24. e4 Rd8 25. Qf3 Qe5 26. Qe3 Qxe4 27. Qxe4 Bxe4 28. Rbc1 Rab8 29. f3 Bd5 30. Nc6 Bxc6 31. Rxd8+ Rxd8 32. Rxc6 Ra8 33. Kf2 Kf8 34. Ke3 Ke8 35. Rb6 Ra7 36. Ke4 Kd7 37. Kd4 h6 38. g4 a5 39. bxa5 Rxa5 40. Rb7+ Ke8 41. h4 Kf8 42. Ke4 g6 43. Rb8+ Kg7 44. f4 f5+ 45. gxf5 gxf5+ 46. Kd4 Rd5+ 47. Kc4 Rd1 48. Rb7+ Kf6 49. Rh7 Kg6 50. Re7 Re1 51. Kd4 Kh5 52. Rh7 Re4+ 53. Kd3 Rxf4 54. Re7 Re4 55. Rg7 Kxh4 56. Rg1 h5 57. Rh1+ Kg5 58. Rg1+ Rg4 59. Re1 Kf6 60. Rh1 h4 61. Ke3 e5 62. Kf3 e4+ 63. Kf2 Kg5 64. Rh3 Rg3 65. Rxg3+ hxg3+ 66. Kxg3 f4+ 67. Kf2 Kg4 68. Kg2 e3 0-1

[Event "TUN-ch (Women)"]
[Site "Monastir"]
[Date "2019.03.18"]
[Round "1"]
[White "Chihi, Ghada"]
[Black "Chihi, Malak"]
[Result "0-1"]
[WhiteElo "1231"]
[BlackElo "1599"]
[PlyCount "100"]
[EventDate "2019.03.18"]
[EventType "swiss"]
[EventRounds "9"]
[EventCountry "TUN"]
[SourceTitle "CBM 190 Extra"]
[Source "ChessBase"]
[SourceDate "2019.07.15"]
[SourceVersion "1"]
[SourceVersionDate "2019.07.15"]
[SourceQuality "1"]

1. e4 e5 2. Nf3 Nc6 3. Nc3 Bc5 4. Bc4 d6 5. d3 h6 6. 0-0 Bg4 7. h3 Bh5 8. Be3 Bb6 9. a3 Nf6 10. Bb5 0-0 11. Bxc6 bxc6 12. Bxb6 cxb6 13. b4 Qd7 14. Re1 Rfe8 15. Re3 d5 16. d4 exd4 17. Qxd4 Bxf3 18. Rxf3 Nxe4 19. Re1 Nxc3 20. Qxc3 Rxe1+ 21. Qxe1 Re8 22. Re3 Re6 23. Qd2 Rxe3 24. fxe3 Kf8 25. e4 Ke7 26. exd5 Qxd5 27. Qe3+ Qe6 28. Qd2 Qe4 29. c3 Ke6 30. Qa2+ Qd5 31. Qe2+ Kd6 32. c4 Qd4+ 33. Kh2 Qe5+ 34. Qxe5+ Kxe5 35. c5 bxc5 36. bxc5 Kd5 37. Kg3 Kxc5 38. Kf4 Kd4 39. g4 c5 40. Kf3 Kd3 41. Kf4 c4 42. Ke5 c3 43. Kd6 c2 44. Ke7 c1Q 45. Kxf7 Ke4 46. Kxg7 Ke5 47. h4 Qf4 48. Kh7 Qxg4 49. Kxh6 Kf6 50. Kh7 Qg7# 0-1

[Event "Arab-ch U18 20 Girls"]
[Site "Hammamet"]
[Date "2018.10.31"]
[Round "5.3"]
[White "Miladi, Amen"]
[Black "Chihi, Malak"]
[Result "0-1"]
[WhiteElo "1688"]
[BlackElo "1563"]
[PlyCount "80"]
[EventDate "2018.10.28"]
[EventType "swiss"]
[EventRounds "9"]
[EventCountry "TUN"]
[SourceTitle "EXT 2024"]
[Source "ChessBase"]
[SourceDate "2023.10.10"]
[SourceVersion "1"]
[SourceVersionDate "2023.10.10"]
[SourceQuality "1"]

1. e4 e5 2. Nf3 Nc6 3. Bc4 Bc5 4. 0-0 Nf6 5. d4 Bxd4 6. Nxd4 Nxd4 7. Bg5 h6 8. Bh4 d6 9. Nc3 Be6 10. Bxe6 Nxe6 11. Nd5 g5 12. Nxf6+ Qxf6 13. Bg3 h5 14. f3 Nf4 15. c3 Ke7 16. Qe1 h4 17. Bf2 Nd3 18. Qd2 Nxf2 19. Rxf2 Rhg8 20. Rd1 Qe6 21. b3 Rad8 22. h3 c6 23. c4 f5 24. Qb4 Rd7 25. c5 dxc5 26. Qxc5+ Kf6 27. Rxd7 Qxd7 28. Qxa7 Qd1+ 29. Kh2 Qd4 30. Qxd4 exd4 31. Rd2 Rd8 32. exf5 Kxf5 33. g3 d3 34. Kg2 Ke5 35. gxh4 gxh4 36. Kf2 Kd4 37. Rd1 Re8 38. Rc1 d2 39. Ra1 Kc3 40. a4 Kb2 0-1

[Event "TUN-ch (Women)"]
[Site "Hammamet"]
[Date "2018.02.20"]
[Round "6"]
[White "Chihi, Malak"]
[Black "Miladi, Amen"]
[Result "1-0"]
[WhiteElo "1645"]
[BlackElo "1553"]
[PlyCount "83"]
[EventDate "2018.02.16"]
[EventType "swiss"]
[EventRounds "9"]
[EventCountry "TUN"]
[SourceTitle "CBM 183 Extra"]
[Source "ChessBase"]
[SourceDate "2018.04.19"]
[SourceVersion "1"]
[SourceVersionDate "2018.04.19"]
[SourceQuality "1"]

1. e4 c5 2. Nf3 e6 3. c3 Nf6 4. e5 Nd5 5. d4 cxd4 6. cxd4 Nc6 7. Bc4 d6 8. 0-0 Be7 9. Re1 0-0 10. Bxd5 exd5 11. Nc3 dxe5 12. Nxe5 Nxe5 13. Rxe5 Be6 14. Qb3 Bf6 15. Re1 Bxd4 16. Qxb7 Qf6 17. Be3 Rab8 18. Qa6 Bxe3 19. Rxe3 Rxb2 20. Rf3 Qe7 21. Re1 d4 22. Nd1 Rxa2 23. Qxa2 Bxa2 24. Rxe7 Bb1 25. Rxa7 h6 26. Rd7 Re8 27. Kf1 Be4 28. Ra3 Bc6 29. Rxd4 Bb5+ 30. Rad3 Bxd3+ 31. Rxd3 Kh7 32. Ne3 Kg6 33. Ke2 f5 34. Rd6+ Kg5 35. Kf3 Re4 36. g3 g6 37. h4+ Kh5 38. Nd5 Rxh4 39. gxh4 Kxh4 40. Rxg6 h5 41. Rg1 f4 42. Nc3 1-0

[Event "TUN-ch (Women)"]
[Site "Hammamet"]
[Date "2018.02.19"]
[Round "5"]
[White "Meddeb, Chadha"]
[Black "Chihi, Malak"]
[Result "0-1"]
[WhiteElo "1610"]
[BlackElo "1645"]
[PlyCount "88"]
[EventDate "2018.02.16"]
[EventType "swiss"]
[EventRounds "9"]
[EventCountry "TUN"]
[SourceTitle "CBM 183 Extra"]
[Source "ChessBase"]
[SourceDate "2018.04.19"]
[SourceVersion "1"]
[SourceVersionDate "2018.04.19"]
[SourceQuality "1"]

1. e4 e5 2. Nf3 Nc6 3. d4 exd4 4. Nxd4 Bc5 5. Be3 Qf6 6. c3 Nge7 7. Bc4 Qg6 8. 0-0 Bxd4 9. Bxd4 Qxe4 10. Re1 Qg6 11. Re3 Nxd4 12. Qxd4 d6 13. Rg3 Qf6 14. Rxg7 Qxd4 15. cxd4 d5 16. Bd3 Ng6 17. Nd2 Kf8 18. Rxg6 hxg6 19. Re1 Bd7 20. Nf3 Re8 21. Ne5 Kg7 22. Rc1 Bc6 23. h3 Re6 24. Kf1 a6 25. b3 Rc8 26. a4 Be8 27. Be2 f6 28. Bg4 f5 29. Bf3 Rd6 30. Rc3 Bf7 31. g4 Be6 32. g5 c6 33. Kg2 a5 34. Kg3 b6 35. h4 c5 36. dxc5 bxc5 37. Rd3 d4 38. Nc4 Bxc4 39. bxc4 Rb6 40. Bd5 Rb4 41. Ra3 Rcb8 42. Kf3 Rb3+ 43. Rxb3 Rxb3+ 44. Ke2 Rb4 0-1